Interaktívne zobrazovanie grafov
Saved in:
| Main Author: | |
|---|---|
| Other Authors: | |
| Format: | Manuscript Book |
| Language: | Slovak |
| Published: |
2018
|
| Subjects: | |
| Online Access: | http://is.stuba.sk/zp/portal_zp.pl?podrobnosti=122999 |
| Tags: |
No Tags, Be the first to tag this record!
|
MARC
| LEADER | 00000ntm a22000003a 4500 | ||
|---|---|---|---|
| 001 | stuzp70315 | ||
| 003 | SK-STU | ||
| 005 | 20190211165426.0 | ||
| 007 | ta | ||
| 008 | 150427s2015----xo-----f-mn---000-0-slo-d | ||
| 040 | |a STU |b slo | ||
| 041 | 0 | |a slo | |
| 044 | |a xo | ||
| 100 | 1 | |a Redžepovič, Martin |u 070400 |4 aut |U FIIT Fakulta informatiky a informačných technológií |T FIIT Ústav počítačového inžinierstva a aplikovanej informatiky |X 79721 |U I400 |Y 672 |7 79721 | |
| 242 | 0 | 1 | |a Interactive Graph Visualization |y eng |
| 245 | 1 | 0 | |a Interaktívne zobrazovanie grafov |
| 260 | |c 2018 | ||
| 300 | |a 44 s., príl. | ||
| 650 | 4 | |a silovo-riadené algoritmy |2 slo | |
| 650 | 4 | |a Fruchterman-Reingoldov algoritmus |2 slo | |
| 650 | 4 | |a vizualizácia grafov |2 slo | |
| 650 | 4 | |a force-directed algorithms |2 eng | |
| 650 | 4 | |a Fruchterman-Reingold algorithm |2 eng | |
| 650 | 4 | |a graph visualization |2 eng | |
| 700 | 1 | |a Kapec, Peter |u 070400 |k Z1 |4 ths |U FIIT Fakulta informatiky a informačných technológií |T FIIT Ústav počítačového inžinierstva a aplikovanej informatiky |X 10235 |U I400 |Y 672 |7 A000010235 | |
| 856 | 4 | |u http://is.stuba.sk/zp/portal_zp.pl?podrobnosti=122999 | |
| 996 | |b IZP20180042 |c I*BAP66/18 |l II680 |s P |a 0 |w stuzp70315_0001 | ||